| 000 | 00417nam a22001697a 4500 | ||
|---|---|---|---|
| 003 | UA-OsUOA | ||
| 001 | 5318 | ||
| 007 | ta | ||
| 008 | 20050721b un ||||| |||| 00| 0 ukr d | ||
| 100 | _aЮр'єва | ||
| 700 | _aО. Ю. | ||
| 942 | _cBK | ||
| 040 |
_aUA-OsUOA _cUA-OsUOA _dUA-OsUOA |
||
| 245 |
_aОсобливості перекладу газетного стилю. _bBA Paper |
||
| 955 | _a2 | ||
| 650 | 7 | _2UDC | |
| 999 |
_c291480 _d291480 |
||